000 00819nam a2200265 i 4500
001 6020
003 ES-MaACL
005 20240509092027.0
007 t|
008 890628s1989 sp ||||1| spa d
020 _a8476581580
080 _a86-1"1908/1909"
080 _a86.08-1"1908/1909"
100 1 _aPhillips, Allen W.
_991688
245 1 0 _a"Poetas del dia"
_b: "El Liberal" (1908-1909) /
_cAllen W. Phillips.
250 _a1a ed.
260 _aBarcelona :
_bAnthropos,
_c1989.
300 _a149 p. ;
_c20 cm.
490 1 _aAmbitos literarios. Poesía ;
_v93
650 4 _aPoesía española-
_yS.XX-
_xHistoria y crítica.
_916167
830 0 _aÁmbitos literarios.
_pPoesía ;
_v93
_9177287
852 _aES-MaACL
_jL-11318
_bR.116691
_z. - rust.
942 _2udc
999 _c6020
_d6020